Obálka Náhled e-knihy:
PDF Epub
Pro půjčování e-knih musíte být přihlášeni.
Jak si půjčit online?

Dom v stráni /

Román Dom v stráni rozpráva príbeh lásky páru z odlišných spoločenských vrstiev. Odohráva sa v prímorskom dalmatínskom mestečku. Mladý statkár Niko sa zamiluje do sedliackej dcéry Katice a ich vzťah čelí rodovým a spoločenským tradíciám miestnej komunity. Napriek pôvodnému odhodlaniu preukázať rodin...

Celý popis

Uloženo v:
Hlavní autor: Taranenková, Ivana (Autor)
Médium: E-kniha
Jazyk:Czech
Vydáno: Praha : Albatros Media Slovakia s.r.o., 2025
Tagy:
Žádné tagy
LEADER 01397nam a22002297i 4500
001 302742
007 ta
008 260514s2025 xr ||||| |||| 00| 0 cze d
020 |a 9788056649794 
044 |a xr 
100 1 |a  Taranenková, Ivana  |4 aut 
245 1 0 |a Dom v stráni /  |c  Taranenková, Ivana 
264 1 |a Praha :  |b Albatros Media Slovakia s.r.o.,  |c 2025 
300 |a 1 online zdroj (432 stran) 
336 |a text  |b txt  |2 rdacontent 
337 |a bez média  |b n  |2 rdamedia 
338 |a online zdroj  |b cr  |2 rdacarrier 
520 2 |a Román Dom v stráni rozpráva príbeh lásky páru z odlišných spoločenských vrstiev. Odohráva sa v prímorskom dalmatínskom mestečku. Mladý statkár Niko sa zamiluje do sedliackej dcéry Katice a ich vzťah čelí rodovým a spoločenským tradíciám miestnej komunity. Napriek pôvodnému odhodlaniu preukázať rodine i okoliu pevnosť citu dvojica zisťuje, že niektoré bariéry je ťažké prekročiť. 
910 |a RBIT002 
998 |d 427000  |a https://core.palmknihy.cz/api/books/427000/cover?tesgij  |b https://core.palmknihy.cz/api/books/427000/cover/400?tesgij  |c https://core.palmknihy.cz/api/books/427000/cover/50?tesgij  |e 2036-12-31  |g 432  |i 9788056649794  |j https://core.palmknihy.cz/api/books/427000/preview.epub  |k https://core.palmknihy.cz/api/books/427000/preview.pdf  |l   |q 49  |r 1  |s https://www.palmknihy.cz/kniha/427000  |t ebook  |y 2025  |z 1 
999 |d 302740